00412nam a2200157Ia 45000010006000000050017000060080041000230410008000640820017000721000034000892450079001232600009002023000027002116500008002386540008002461853720260306171638.0260306s9999||||xx |||||||||||||| ||und|| aESP a658.408bC25 aCanessa Illich, GiulianaeAUT 0aEl ABC de la responsabilidad social empresarial en el Perú y en el mundo c2007 a95 páginas :c22 cm. aGEN aCAN